| 000 | 00382nam a2200133Ia 4500 | ||
|---|---|---|---|
| 008 | 230104s9999||||xx |||||||||||||| ||und|| | ||
| 020 | _a978-0-07-352504-4 | ||
| 040 | _cChuka University Library | ||
| 050 |
_aHD 30.3 _bH36 1988 |
||
| 100 |
_aHanna,M.S _93735 |
||
| 245 | 0 | _aCommunicating in business and professional settings | |
| 260 |
_aRandom house co; _bAlabuma _c1988 |
||
| 942 | _cBK | ||
| 999 |
_c5792 _d5792 |
||